Statystyki dla Najdłuższe rzeki świata

Kliknij tutaj aby rozwiązać quiz!

Ogólne statystyki

  • Ten quiz został rozwiązany 64 razy
    (56 od ostatniego zresetowania)
  • Średni wynik to 5 z 9

Statystyki odpowiedzi

KmRzeka% Poprawnych
6400Amazonka
98%
6650Nil
98%
6300Jangcy
71%
4700Kongo
54%
5464Huang He
46%
5410Ob
44%
4440Amur
25%
5539Jenisej
25%
4880La Plata
2%

Rozkład punktacji

Percentyl według liczby udzielonych odpowiedzi

Procent ludzi z każdym wynikiem

Twoja historia wyników

Nie rozwiązałeś tego quizu od ostatniego zresetowania